Accounting Principles
Guardado en:
| Autor principal: | |
|---|---|
| Otros Autores: | , |
| Formato: | Libro |
| Lenguaje: | inglés |
| Publicado: |
New York
McGraw-Hill
1989
|
| Edición: | 3. ed. |
| Etiquetas: |
Sin Etiquetas, Sea el primero en etiquetar este registro!
|
MARC
| LEADER | 00000nam a2200000 4500 | ||
|---|---|---|---|
| 001 | c041424 | ||
| 005 | 20221215113255.8 | ||
| 041 | 0 | |a eng | |
| 044 | |a US | ||
| 245 | 1 | 0 | |a Accounting Principles |c Jack L. Smith, Robert M. Keith, William L. Stephens |
| 250 | |a 3. ed. | ||
| 264 | 1 | |a New York |b McGraw-Hill |c 1989 | |
| 300 | |a 1255 s. | ||
| 100 | 1 | |a Smith, Jack L. | |
| 700 | 1 | |a Keith, Robert M. | |
| 700 | 1 | |a Stephens, William L. | |